000
00365nam a2200133Ia 4500
008
100328s9999 xx 000 0 und d
082
_b
63645
100
_a
सावंत वि.कृ.
245
_a
अमृतकुंभ.
260
_b
माुश्री.
630
_a
अमृतकुंभ.
730
_a
अमृतकुंभ.
942
_c
BOOK
999
_c
549513
_d
549510